00501nam a22001697a 450000500170000001000140001702000260003103500140005703700130007108200110008410000160009524500640011126000390017527000460021430000210026050000500028120100806154752.0 aENG-98734 a9788173872235c600.00 aENG-82266 bDBAD/PUB a954.52 aHanda, O.C. aKinnaur :bunfolding exotic Himalayan land /cby O.C. Handa aNew Delhi bIndus Publishingc2009 aFS-5, Tagore Garden, bNew Delhi e110027 a320p.c22cm (Hb) aIncludes bibliographical references and index